| 000 | 00571nam a2200169 a 4500 | ||
|---|---|---|---|
| 001 | 000016921 | ||
| 005 | 20250129122301.0 | ||
| 008 | 100312s1936 dr r 000 0 spa d | ||
| 040 |
_aDO-SdBNP _bspa _cBNPHU |
||
| 082 |
_a581.634 _bC794m |
||
| 100 | 1 |
_aCordero, Angel B. _937286 |
|
| 245 | 1 | 0 |
_aManual de medicina doméstica : _bplantas medicinales dominicanas / _cAngel B. Cordero. |
| 260 |
_aSantiago de los Caballeros : _bTipografía Corazon de Jesús, _c1936. |
||
| 300 |
_av. ; _c24 cm. |
||
| 650 | 4 |
_aBotánica médica _921557 |
|
| 650 | 4 |
_aMateria médica vegetal _921555 |
|
| 999 |
_c16453 _d16453 |
||